header

Style in theory (Record no. 49415)

MARC details
000 -LEADER
fixed length control field 01310nam a2200337Ia 4500
245 00 - TITLE STATEMENT
Title Style in theory
260 ## - PUBLICATION, DISTRIBUTION, ETC. (IMPRINT)
Place of publication London :
Name of publisher Bloomsbury Publishing,
Year of publication 2013.
300 ## - PHYSICAL DESCRIPTION
Number of Pages vi, 366 p.
650 #0 - SUBJECT ADDED ENTRY--TOPICAL TERM
Topical Term Literature
Topical Term Literature
Topical Term Style, Literary.
700 1# - ADDED ENTRY--PERSONAL NAME
Personal name Callus, Ivan,
Personal name Corby, James.
Personal name Lauri-Lucente, Gloria.
856 40 - ELECTRONIC LOCATION AND ACCESS
Uniform Resource Identifier http://site.ebrary.com/lib/rucke/Doc?id=10638821

No items available.

© 2026 Rongo University
Contact us: librarian | system librarian | Rongo university